| 000 | 00491cam a2200193ua 4500 | ||
|---|---|---|---|
| 020 | _c20.00 | ||
| 041 |
_aeng _h |
||
| 082 |
_a630.2 _bRAJ/AD |
||
| 100 | _aRajagopalan, C . | ||
| 245 |
_aAdoption of agricultural innovations / _cC Rajagopalan. _hTextual Documents |
||
| 250 |
_a1 / _b. |
||
| 260 |
_aNew Delhi : _bNational Publishing House , _c1971. |
||
| 300 | _a120 ; . | ||
| 365 | _a20.00 | ||
| 504 | _a | ||
| 700 | 1 | _aJaspal, Singh . | |
| 942 | _cBK | ||
| 999 |
_c9942 _d9942 |
||